| 000 | 00405nam a22001577a 4500 | ||
|---|---|---|---|
| 020 | _a978-81-8341-393-0 | ||
| 082 |
_a823 _bROH/M |
||
| 100 | _aROHAN BOOK COMPANY | ||
| 245 |
_aTHE MERCHANT AND THE GENIE _bARABIAN TALES |
||
| 246 |
_aTHE MERCHANT AND THE GENIE _bARABIAN TALES |
||
| 260 |
_aDELHI _bROHAN BOOK COMPANY |
||
| 300 | _a16 | ||
| 520 | _aARABIAN TALES | ||
| 650 | _aARABIAN TALES | ||
| 942 | _cBK | ||
| 999 |
_c2555 _d2555 |
||